ঢ়
ক্ষ
ড়
ঢ়
য়
র-ফলা‌‌‌
 
 
য-ফলা
ি
 
 
রেফ
 
 
 
যুক্ত করুন/হসন্ত
Space
Enter

A dictionary of linguistics and phonetics / (Record no. 3838)

000 -LEADER
fixed length control field 00866cam a2200253 a 4500
001 - CONTROL NUMBER
control field 4183
003 - CONTROL NUMBER IDENTIFIER
control field BD-DhUAP
005 - DATE AND TIME OF LATEST TRANSACTION
control field 20200312150952.0
008 - FIXED-LENGTH DATA ELEMENTS--GENERAL INFORMATION
fixed length control field 200312s2008 mau d 000 0 eng
020 ## - INTERNATIONAL STANDARD BOOK NUMBER
International Standard Book Number 9781405152976
020 ## - INTERNATIONAL STANDARD BOOK NUMBER
International Standard Book Number 1405152974
040 ## - CATALOGING SOURCE
Original cataloging agency BD-DhUAP
Transcribing agency BD-DhUAP
Modifying agency BD-DhUAP
Language of cataloging Eng
082 00 - DEWEY DECIMAL CLASSIFICATION NUMBER
Classification number 410.3 CRY
Edition number 23
100 1# - MAIN ENTRY--PERSONAL NAME
Personal name Crystal, David.
245 12 - TITLE STATEMENT
Title A dictionary of linguistics and phonetics /
Statement of responsibility, etc. David Crystal.
250 ## - EDITION STATEMENT
Edition statement 6th ed.
260 ## - PUBLICATION, DISTRIBUTION, ETC.
Place of publication, distribution, etc. Malden, MA ;
Name of publisher, distributor, etc. Blackwell Pub.,
Date of publication, distribution, etc. c2009.
300 ## - PHYSICAL DESCRIPTION
Extent xxiv, 529 pages ;
Dimensions 25 cm.
490 ## - SERIES STATEMENT
Series statement The language library.
650 #0 - SUBJECT ADDED ENTRY--TOPICAL TERM
Topical term or geographic name entry element Linguistics
Form subdivision Dictionaries.
906 ## - LOCAL DATA ELEMENT F, LDF (RLIN)
a 7
b cbc
c orignew
d 1
e ecip
f 20
g y-gencatlg
942 ## - ADDED ENTRY ELEMENTS (KOHA)
Source of classification or shelving scheme
Koha item type Book
Holdings
Withdrawn status Lost status Source of classification or shelving scheme Damaged status Not for loan Permanent Location Current Location Shelving location Date acquired Full call number Barcode Date last seen Copy number Price effective from Koha item type
          UAP Central Library UAP Central Library General Stacks 2020-03-12 410.3 CRY 3010004183 2020-03-12 1 2020-03-12 Book

All rights reserved © UAP Central Library,
University of Asia Pacific.